000 00730nam a2200217 a 4500
001 000024122
005 20240307073947.0
008 110119s1979 dr 000 0 spa d
040 _aDO-SdBNP
_bspa
_cBNPHU
082 _axxx
_bP348m
100 1 _aPaz, Ida
_d1945-
_949536
245 1 4 _aLos medios masivo de comunicación en la lucha ideologica /
_cIda Paz.
260 _aSanto Domingo :
_bUASD,
_c1979.
300 _a46 P. ;
_c22 cm.
490 1 _aCuadernos de Comunicación
_vno. 1
500 _aIncluye datos biográficos del autor en la contraportada
504 _aBibliografía : p. 45-46
710 1 _aUniversidad Autónoma de Santo Domingo
_972951
830 0 _aCuadernos de Comunicación
_nno. 1
_949537
049 _aBNPD
999 _c23616
_d23616